| 000 | 00462nam a2200181Ia 4500 | ||
|---|---|---|---|
| 008 | 240925s9999 xx 000 0 und d | ||
| 020 | _a9788126511150 | ||
| 082 | _a658.15 DAM | ||
| 100 | _aDamodaran, Aswath | ||
| 245 | 0 | _aCorporate Finance Theory and Practice | |
| 250 | _a1st | ||
| 260 |
_aIndia: _bJohn Wily & sons _c,2004. |
||
| 300 |
_a293p. _bNA _fOriginal |
||
| 500 | _aIncludes Index | ||
| 600 | _aManagement | ||
| 650 | _aManagement | ||
| 942 | _cBK | ||
| 999 |
_c16295 _d16295 |
||